K niektorým otázkam znižovania váhy a zmenšovania rozmerov ozubených kolies a prevodových skriní /

Saved in:
Bibliographic Details
Main Author: Labuza, Sergej (Author)
Format: Manuscript Book
Published: Bratislava : Service Fachverlag, 1962
Tags: Add Tag
No Tags, Be the first to tag this record!

MARC

LEADER 00000ntm a22000003a 4500
001 stu47322
005 20150617225711.7
008 ------s1962----cs----------------------d
040 |a STU  |b slo 
041 0
044 |a cs 
080 |a 621.833.01  |7 stu_us_auth*stu1322 
100 1 |a Labuza, Sergej  |4 aut 
245 1 |a K niektorým otázkam znižovania váhy a zmenšovania rozmerov ozubených kolies a prevodových skriní /  |c [aut.] Labuza,Sergej 
260 |a Bratislava :  |b Service Fachverlag,  |c 1962 
300 |a 133 s 
996 |b 284J002680  |c J*10351/DIZ.  |l JJSK  |s A  |a 24  |w stu47322_0001